书目信息 |
| 题名: |
中国刑法解释学理论体系的本土化构建
|
|
| 作者: | 魏东 著 | |
| 分册: | ||
| 出版信息: | 北京 中国社会科学出版社 2022.12 |
|
| 页数: | 741页 | |
| 开本: | 24cm | |
| 丛书名: | ||
| 单 册: | ||
| 中图分类: | ||
| 科图分类: | ||
| 主题词: | 刑法--法律解释--研究--中国 , 法律--中国 | |
| 电子资源: | ||
| ISBN: | 978-7-5227-1079-2 | |
| 000 | 01525nam0 2200301 450 | |
| 001 | 2355303297 | |
| 005 | 20120619093716.92 | |
| 010 | @a978-7-5227-1079-2@dCNY258.00 | |
| 100 | @a20230328d2022 em y0chiy50 ea | |
| 101 | 0 | @achi |
| 102 | @aCN@b110000 | |
| 105 | @ay a 000yy | |
| 106 | @ar | |
| 200 | 1 | @a中国刑法解释学理论体系的本土化构建@d= The localization construction of Chinese criminal law hermeneutics theoretical system@f魏东著@zeng |
| 210 | @a北京@c中国社会科学出版社@d2022.12 | |
| 215 | @a741页@d24cm | |
| 300 | @a国家社科基金重点项目 | |
| 314 | @a魏东, 男, 1966年生, 重庆市开州区人, 法学博士, 四川大学法学院刑法学科带头人、刑法教研室主任、教授、博士生导师。 | |
| 320 | @a有书目 (第712-741页) | |
| 330 | @a本书系统论述整全论功能主义刑法解释学的基础理论, 通过阐释结果与方法并重整全论、整体有效性原则、刑法解释方法确证功能体系化、刑法解释结论整体有效性、司法公正相对主义、法官决策有效性、判例释法指引功能、刑法解释有限功能等核心命题组成的命题体系和理论系统, 在批判原初功能主义刑法解释论的基础上提出创新发展理论, 重新构建提出崭新的刑法解释学理论体系。重点针对刑法解释学研究范式、系列命题进行学术批判、法理检讨和实证分析研究, 力图证立整全论功能主义刑法解释学理论体系的“整体有效性”。 | |
| 510 | 1 | @aLocalization construction of Chinese criminal law hermeneutics theoretical system@zeng |
| 606 | 0 | @a刑法@x法律解释@x研究@y中国 |
| 606 | 0 | @a法律@x中国 |
| 690 | @a@v5 | |
| 690 | @aD924.05@v4 | |
| 701 | 0 | @a魏东@4著 |
| 801 | 0 | @aCN@b安徽时代出版发行有限公司@c20230328 |
| 905 | @dD924.05@e1004 | |
| 中国刑法解释学理论体系的本土化构建= The localization construction of Chinese criminal law hermeneutics theoretical system/魏东著.-北京:中国社会科学出版社,2022.12 |
| 741页;24cm |
| 国家社科基金重点项目 |
| ISBN 978-7-5227-1079-2:CNY258.00 |
| 本书系统论述整全论功能主义刑法解释学的基础理论, 通过阐释结果与方法并重整全论、整体有效性原则、刑法解释方法确证功能体系化、刑法解释结论整体有效性、司法公正相对主义、法官决策有效性、判例释法指引功能、刑法解释有限功能等核心命题组成的命题体系和理论系统, 在批判原初功能主义刑法解释论的基础上提出创新发展理论, 重新构建提出崭新的刑法解释学理论体系。重点针对刑法解释学研究范式、系列命题进行学术批判、法理检讨和实证分析研究, 力图证立整全论功能主义刑法解释学理论体系的“整体有效性”。 |
| ● |
| 相关链接 |
|
|
|
|
正题名:中国刑法解释学理论体系的本土化构建
索取号:D924.05/1004
 
预约/预借
| 序号 | 登录号 | 条形码 | 馆藏地/架位号 | 状态 | 备注 |
| 1 | 1411290 | 214112903 | 第一样本阅览室/ [索取号:D924.05/1004] | 在馆 | |
| 2 | 1411291 | 214112912 | 第一借阅区/ [索取号:D924.05/1004] | 在馆 | |
| 3 | 1411292 | 214112921 | 第一借阅区/ [索取号:D924.05/1004] | 在馆 |